Statistics for Random City to Country #51

Click here to take the quiz!

General Stats

  • This quiz has been taken 43 times
  • The average score is 10 of 14

Answer Stats

Random cityAnd country% Correct
SevilleSpain
97%
El PasoUnited States
97%
CagliariItaly
94%
MarrakechMorocco
89%
MagnitogorskRussia
86%
KatowicePoland
83%
BaselSwitzerland
83%
MedinaSaudi Arabia
81%
MazatlanMexico
78%
MaduraiIndia
53%
KaunasLithuania
50%
MostarBosnia and Herzegovina
39%
HargeisaSomalia
17%
LobitoAngola
11%

Score Distribution

Percentile by Number Answered

Percent of People with Each Score

Your Score History

You have not taken this quiz